Kongres České glaukomové společnosti : sborník abstrakt, oficiální program ...
| Korporativní autor: | Česká glaukomová společnost. Kongres |
|---|---|
| Jazyk: | Slovenština Čeština |
| Vydáno: |
[Praha] : [Česká glaukomová společnost], [2000?]- Zlín : Bořek Procházka - Produkce Lípa : Produkce BPP s.r.o. |
| Témata: | |
| Fyzický popis: |
^^^svazků : barevné ilustrace ; 21 cm |
| Odebírané svazky: |
2008-10(2018), 12(2022)-13(2024)- |
| Language note: |
Částečně slovenský text |
| LEADER | 03931cas a2200817 i 4500 | ||
|---|---|---|---|
| 001 | nkc20102108493 | ||
| 003 | CZ PrNK | ||
| 005 | 20240702081152.0 | ||
| 007 | ta | ||
| 008 | 100527c20009999xr gr 1 b0cze | ||
| 015 | |a cnb002108493 |z cnb001792708 | ||
| 035 | |a (OCoLC)649803711 | ||
| 040 | |a ABA001 |b cze |d OLA001 |d BOA001 |e rda | ||
| 041 | 0 | |a cze |a slo | |
| 072 | 7 | |a 617 |x Ortopedie. Chirurgie. Oftalmologie |2 Konspekt |9 14 | |
| 080 | |a 617.7-007.681 |2 MRF | ||
| 080 | |a 616-07 |2 MRF | ||
| 080 | |a 616-08 |2 MRF | ||
| 080 | |a (062.534) |2 MRF | ||
| 080 | |a (048.3) |2 MRF | ||
| 110 | 2 | |a Česká glaukomová společnost. |b Kongres |7 kn20100527014 |4 aut | |
| 245 | 1 | 0 | |a Kongres České glaukomové společnosti : |b sborník abstrakt, oficiální program ... |
| 246 | 3 | |a Sborník abstrakt - kongres České glaukomové společnosti | |
| 246 | 1 | |i Název od roku 2016: |a ... kongres České glaukomové společnosti | |
| 264 | 1 | |a [Praha] : |b [Česká glaukomová společnost], |c [2000?]- | |
| 264 | 2 | 1 | |3 2016-2018 |a Zlín : |b Bořek Procházka - Produkce |
| 264 | 3 | 1 | |3 2022- |a Lípa : |b Produkce BPP s.r.o. |
| 300 | |a ^^^svazků : |b barevné ilustrace ; |c 21 cm | ||
| 310 | |a 1x za 2 roky | ||
| 336 | |a text |b txt |2 rdacontent | ||
| 337 | |a bez média |b n |2 rdamedia | ||
| 338 | |a svazek |b nc |2 rdacarrier | ||
| 500 | |a V některých ročnících název z obálky | ||
| 541 | |c pv-r | ||
| 500 | |a Součástí názvu je od roku 2016 římská řadová číslovka, součástí nevýznamně měnícího se podnázvu je datum a měnící se místo konání | ||
| 500 | |a Jednotlivé svazky mají ISBN | ||
| 500 | |a V roce 2020 se kongres nekonal a sborník tedy nevyšel | ||
| 546 | |a Částečně slovenský text | ||
| 588 | |a Popsáno podle: 2010 |5 CZ-PrNK | ||
| 650 | 0 | 7 | |a glaukom |7 ph114631 |2 czenas |
| 650 | 0 | 7 | |a diagnostika (lékařství) |7 ph114312 |2 czenas |
| 650 | 0 | 7 | |a terapie |7 ph116435 |2 czenas |
| 650 | 0 | 9 | |a glaucoma |2 eczenas |
| 650 | 0 | 9 | |a medical diagnostics |2 eczenas |
| 650 | 0 | 9 | |a therapy |2 eczenas |
| 655 | 7 | |a sborníky konferencí |7 fd133333 |2 czenas | |
| 655 | 7 | |a abstrakta |7 fd131780 |2 czenas | |
| 655 | 9 | |a proceedings of conferences |2 eczenas | |
| 655 | 9 | |a abstracts |2 eczenas | |
| 902 | |a 978-80-254-1568-9 |q (2008 ; |q brožováno) | ||
| 902 | |a 978-80-254-6894-4 |q (2010 ; |q brožováno) | ||
| 902 | |a 978-80-260-1958-9 |q (2012 ; |q brožováno) | ||
| 902 | |a 978-80-260-6421-3 |q (2014 ; |q v knize neuvedeno ; |q brožováno) |z 978-80-87735-10-7 | ||
| 902 | |a 978-80-87735-23-7 |q (2016 ; |q brožováno) | ||
| 902 | |a 978-80-906874-1-7 |q (2018 ; |q brožováno) | ||
| 902 | |a 978-80-88379-11-9 |q (2022 ; |q brožováno) | ||
| 902 | |a 978-80-88379-32-4 |q (2024 ; |q brožováno) | ||
| 910 | 2 | |a BOA001 |o 2022 |b 2-1205.047 |s 2008-10(2018), 12(2022)-13(2024)- | |
| 920 | |a 000900675 | ||
| 928 | 9 | |a Produkce BPP | |
| 990 | |a SE | ||
| 995 | |a 01 | ||
| 991 | |b 202207 | ||
| 996 | 6 | |b 2610344619 |c 2-1205.047 |d 2008 |v 2008 |y 2008 |l MZK |r Sklad / do 1 hodiny |n 0 |p p.v. |w 000900675 |u 000010 |a 1 |e BOA001 |j MZK50 |s P | |
| 996 | 6 | |b 2610434407 |c 2-1205.047 |d 2010 |v 2010 |y 2010 |l MZK |r Sklad / do 1 hodiny |n 0 |p p.v. |w 000900675 |u 000020 |a 1 |e BOA001 |j MZK50 |s P | |
| 996 | 6 | |b 2610513519 |c 2-1205.047 |d 2012 |v 2012 |y 2012 |l MZK |r Sklad / do 1 hodiny |n 0 |p p.v. |w 000900675 |u 000030 |a 1 |e BOA001 |j MZK50 |s P | |
| 996 | 6 | |b 2610594350 |c 2-1205.047 |d 2014 |v 2014 |y 2014 |l MZK |r Sklad / do 1 hodiny |n 0 |p p.v. |w 000900675 |u 000040 |a 1 |e BOA001 |j MZK50 |s P | |
| 996 | 6 | |b 2610672373 |c 2-1205.047 |d 2016 |v 2016 |y 2016 |l MZK |r Sklad / do 1 hodiny |n 0 |p p.v. |w 000900675 |u 000050 |a 1 |e BOA001 |j MZK50 |s P | |
| 996 | 6 | |b 2610748181 |c 2-1205.047 |d 2018 |v 2018 |i 10 |y 2018 |l MZK |r Sklad / do 1 hodiny |n 0 |p p.v. |w 000900675 |u 000060 |a 1 |e BOA001 |j MZK50 |s P | |
| 996 | 6 | |b 2610909135 |c 2-1205.047 |d 2022 |v 2022 |i 12 |y 2022 |l MZK |r Sklad / do 1 hodiny |n 0 |p p.v. |w 000900675 |u 000070 |a 1 |e BOA001 |j MZK50 |s P | |
| 996 | 6 | |b 2610968651 |c 2-1205.047 |d 2024 |v 13 |y 2024 |l MZK |r Sklad / do 1 hodiny |n 0 |p p.v. |w 000900675 |u 000080 |a 1 |e BOA001 |j MZK50 |s P | |
English
Čeština 